| 000 | 00798cam a2200241 4500 | ||
|---|---|---|---|
| 001 | WB3610-31 | ||
| 008 | 000000n2000 000 0 eng u | ||
| 035 | _a(Sirsi) u104613 | ||
| 245 | _aEstate agent internet initiative | ||
| 260 | _c2000 | ||
| 490 |
_aFinancial Times _v 7 March 2000, 4(1) |
||
| 520 | _aFour of the largest estate agents teamed up to display properties on one web site. Managing director of Rightmove hopes to have over half of all properties for sale on the web site by the end of the year. | ||
| 590 | _aWB | ||
| 650 | _aESTATE AGENTS | ||
| 650 | _aHALIFAX | ||
| 650 | _aCOUNTRYWIDE ASSURED | ||
| 650 | _aROYAL & SUN ALLIANCE | ||
| 650 | _aHOUSE SALES | ||
| 650 | _aRIGHTMOVE | ||
| 650 | _aINTERNET | ||
| 690 | _aINFORMATION TECHNOLOGY-INTERNET | ||
| 942 | _n0 | ||
| 999 |
_c62768 _d62768 |
||